BUBT Library Online Catalog

Human Resource management (Record no. 1653)

000 -LEADER
fixed length control field 00721nam a2200217Ia 4500
003 - CONTROL NUMBER IDENTIFIER
control field BUBTL
008 - FIXED-LENGTH DATA ELEMENTS--GENERAL INFORMATION
fixed length control field 151213s9999 xx 000 0 und d
082 ## - DEWEY DECIMAL CLASSIFICATION NUMBER
Classification number 658.3
Item number FIM
100 ## - MAIN ENTRY--PERSONAL NAME
Personal name Cynthia D,Fisher. Lyle F. Schoen Peldt & Jemes B. Show
245 ## - TITLE STATEMENT
Title Human Resource management
Statement of responsibility, etc. Cynthia D,Fisher. Lyle F. Schoen Peldt & Jemes B. Show
250 ## - EDITION STATEMENT
Edition statement 5th
260 ## - PUBLICATION, DISTRIBUTION, ETC. (IMPRINT)
Place of publication, distribution, etc. New Dilhi
Name of publisher, distributor, etc. Houghton Mittlin
Date of publication, distribution, etc. 2004
300 ## - PHYSICAL DESCRIPTION
Extent [xxiv] , 886p . :
Other physical details ill , Table ; 24cm .
Dimensions Management .
500 ## - GENERAL NOTE
General note Includes Index .
650 ## - SUBJECT ADDED ENTRY--TOPICAL TERM
Topical term or geographic name as entry element Management
650 ## - SUBJECT ADDED ENTRY--TOPICAL TERM
Topical term or geographic name as entry element Management
700 ## - ADDED ENTRY--PERSONAL NAME
Personal name Cynthia D,Fisher. Lyle F. Schoen Peldt & Jemes B. Show
856 ## - ELECTRONIC LOCATION AND ACCESS
Password 0
Logon 0
Link text Download
942 ## - ADDED ENTRY ELEMENTS (KOHA)
Source of classification or shelving scheme
Koha item type Books
Holdings
Withdrawn status Lost status Source of classification or shelving scheme Damaged status Not for loan Collection code Permanent location Current location Shelving location Date acquired Total Checkouts Full call number Barcode Date last seen Copy number Price effective from Koha item type
          Non-fiction Bangladesh University of Business and Technology Library Bangladesh University of Business and Technology Library Management Stacks 11/07/2017   658.3 FIM BUBTL-20034161 11/07/2017 C-1 11/07/2017 Books
        Not For Loan Non-fiction Bangladesh University of Business and Technology Library Bangladesh University of Business and Technology Library Management Stacks 11/07/2017   658.3 FIM BUBTL-20039252 11/07/2017 C-2 11/07/2017 Books

More Information About Library

Library Hours

  • Open: 9.00 am. to 9.00 pm.
  • Only Sunday: 9.00 am. to 6.00 pm.
  • Closed: Holiday

Contact to the University

Bangladesh University of Business and Technology Library

  • Mirpurl-2, 1216.
  • Phone:
  • Fax:
  • E-Mail: admin.library@bubt.edu.bd

Contact to the Library

Contact Person:

Md. Abdul Hakim Shah
Joint Librarian
PABX No:  113
Cell No: 01816332931
E-mail: official: admin.library@bubt.edu.bd
Personal: hakim.shah@bubt.edu.bd


BUBT Library

Copyright © 2021